[Event "ICS rated blitz match"]
[Site "204.178.125.65"]
[Date "2000.02.23"]
[Round "?"]
[White "Tinker"]
[Black "Hossa"]
[Result "1-0"]
[WhiteElo "2331"]
[BlackElo "2413"]
[PlyCount "83"]

1. e4 c5 2. Nf3 Nc6 3. Bc4 Nf6 4. e5 d5 5. Bb5 Nd7 6. Bxc6 bxc6 7. O-O e6 8.
Qe2 Be7 9. Re1 O-O 10. d4 cxd4 11. Nxd4 Bb7 12. Qg4 Re8 13. Nc3 Bf8 14. Bg5 Qb6
15. Nd1 Rab8 16. Kh1 a5 17. Nf3 c5 18. Qg3 Qb4 19. Bd2 Qb5 20. a4 Qb6 21. Ne3
Ba6 22. Ng4 Be7 23. Bh6 Qc7 24. Bxg7 Kxg7 25. Nf6+ Kh8 26. Ng5 Nxe5 27. Nxe8
Rxe8 28. Nxf7+ Nxf7 29. Qxc7 Bc8 30. Qxa5 Kg7 31. Qc3+ Bf6 32. Qxc5 Bxb2 33.
Qb5 Bxa1 34. Qxe8 Bc3 35. Re3 Bd2 36. Rf3 Bf4 37. Rxf4 Ng5 38. Qf8+ Kg6 39.
Rf6+ Kh5 40. Qh6+ Kg4 41. h3+ Nxh3 42. gxh3# 1-0

[Event "ICS rated blitz match"]
[Site "204.178.125.65"]
[Date "2000.02.23"]
[Round "?"]
[White "Hossa"]
[Black "Tinker"]
[Result "1-0"]
[WhiteElo "2393"]
[BlackElo "2351"]
[PlyCount "89"]

1. e4 e5 2. Nc3 Nf6 3. Nf3 Bb4 4. Bc4 Nc6 5. Nd5 Nxd5 6. exd5 Na5 7. Bd3 Bd6 8.
c3 b6 9. O-O O-O 10. Re1 Re8 11. Be4 Nb7 12. d4 exd4 13. cxd4 Bb4 14. Re3 h6
15. Bb1 Rxe3 16. fxe3 Kf8 17. Qa4 Be7 18. Qc2 Ke8 19. Qh7 Bf8 20. Bd2 d6 21.
Bd3 Bd7 22. Ba6 Rb8 23. Rc1 g5 24. Ne1 g4 25. Qc2 g3 26. hxg3 Bc8 27. Qxc7 Qxc7
28. Rxc7 Be7 29. Rxc8+ Rxc8 30. Bxb7 Rc7 31. Bc6+ Kd8 32. Nf3 Bf8 33. e4 f6 34.
Nh4 h5 35. Nf5 a6 36. Bb4 Kc8 37. Bxd6 Bxd6 38. Nxd6+ Kd8 39. Nf5 a5 40. Kh2
Rc8 41. e5 fxe5 42. dxe5 Rc7 43. e6 b5 44. Bxb5 Rb7 45. Ba4 1-0

[Event "ICS rated blitz match"]
[Site "204.178.125.65"]
[Date "2000.02.23"]
[Round "?"]
[White "Khamite"]
[Black "Hossa"]
[Result "1-0"]
[WhiteElo "2529"]
[BlackElo "2407"]
[PlyCount "65"]

1. c4 e6 2. Nc3 c5 3. e4 d6 4. g3 Nf6 5. Bg2 Be7 6. Nge2 O-O 7. O-O Nc6 8. h3
Nd7 9. f4 f5 10. d3 fxe4 11. dxe4 Rf7 12. Kh2 Nb6 13. b3 h5 14. Rb1 h4 15. g4
Bd7 16. Be3 Qf8 17. f5 e5 18. Nd5 Bd8 19. Nec3 Nxd5 20. Nxd5 Nd4 21. g5 Be8 22.
g6 Rxf5 23. exf5 Bf7 24. Qh5 Qe7 25. Nxe7+ Kf8 26. gxf7 e4 27. Bg5 Bxe7 28. f6
Bxf6 29. Rxf6 gxf6 30. Bxf6 Nf3+ 31. Bxf3 exf3 32. Qg6 f2 33. Qg8# 1-0

[Event "ICS rated standard match"]
[Site "204.178.125.65"]
[Date "2000.02.23"]
[Round "?"]
[White "Hossa"]
[Black "ChrisBudski"]
[Result "1-0"]
[WhiteElo "2269"]
[BlackElo "2200"]
[PlyCount "43"]

1. c4 c5 2. Nf3 Nf6 3. Nc3 d5 4. cxd5 Nxd5 5. e3 g6 6. Qb3 Nc7 7. Ne4 b6 8.
Nfg5 Be6 9. Nxe6 fxe6 10. Ng5 Qd5 11. Qc3 Rg8 12. f4 h6 13. Nf3 Bg7 14. Qc2 Nc6
15. Qxg6+ Kf8 16. Qh7 Rd8 17. e4 Qh5 18. e5 Nd5 19. Bb5 Nxf4 20. Bxc6 Ng6 21.
g4 Qxg4 22. Rg1 1-0

[Event "ICS rated blitz match"]
[Site "204.178.125.65"]
[Date "2000.02.24"]
[Round "?"]
[White "Hossa"]
[Black "pepekan"]
[Result "1-0"]
[WhiteElo "2415"]
[BlackElo "2356"]
[PlyCount "127"]

1. Nf3 d5 2. b3 Bf5 3. Bb2 e6 4. a4 Nf6 5. e3 Nbd7 6. Be2 Bd6 7. a5 a6 8. Nh4
Bg6 9. f4 h6 10. Nxg6 fxg6 11. Bd3 Kf7 12. O-O Nc5 13. Be2 Re8 14. Nc3 Kg8 15.
b4 Ncd7 16. Bd3 Nf8 17. Ra4 Qe7 18. b5 axb5 19. Bxb5 c6 20. Be2 N8d7 21. Qa1
Nc5 22. Ra2 e5 23. fxe5 Qxe5 24. g3 Qg5 25. Bf3 h5 26. Na4 h4 27. Nxc5 Bxc5 28.
Bxf6 gxf6 29. g4 Re6 30. a6 bxa6 31. Rxa6 Rxa6 32. Qxa6 Qe5 33. Qc8+ Bf8 34.
Rb1 Qd6 35. Rb6 Kf7 36. Rb7+ Re7 37. Rb8 Re6 38. Bg2 Re5 39. Rb6 Re6 40. c4
dxc4 41. Rxc6 Qe5 42. Qc7+ Qxc7 43. Rxc7+ Re7 44. Bd5+ Kg7 45. Rxc4 Rd7 46. e4
Bd6 47. g5 fxg5 48. d4 Bf4 49. Kh1 g4 50. Be6 Ra7 51. Bxg4 Ra1+ 52. Kg2 Ra2+
53. Kf3 Bxh2 54. e5 g5 55. Rc7+ Kg6 56. Rc6+ Kg7 57. Bf5 Ra3+ 58. Ke4 Bf4 59.
Rc7+ Kf8 60. Rh7 Re3+ 61. Kd5 Ra3 62. e6 Ra5+ 63. Ke4 Ke8 64. Bg6+ 1-0

[Event "ICS rated blitz match"]
[Site "204.178.125.65"]
[Date "2000.02.24"]
[Round "?"]
[White "thomasv"]
[Black "Hossa"]
[Result "0-1"]
[WhiteElo "2031"]
[BlackElo "2425"]
[PlyCount "86"]

1. d4 d5 2. Bf4 c5 3. e3 cxd4 4. exd4 Nc6 5. Nf3 Bg4 6. Be2 Qb6 7. Nbd2 Nxd4 8.
Nxd4 Qxd4 9. Be3 Bxe2 10. Bxd4 Bxd1 11. Rxd1 Rc8 12. c3 e6 13. Bxa7 Ra8 14. Bd4
Rxa2 15. b4 Ne7 16. O-O Nc6 17. Be3 d4 18. cxd4 Bxb4 19. Ra1 Rxd2 20. Bxd2 Bxd2
21. Ra8+ Nd8 22. d5 exd5 23. Rd1 Bf4 24. Rxd5 Ke7 25. g3 Bd6 26. f4 Rf8 27. Kf2
h6 28. Ke3 Bc7 29. Kd3 Nc6 30. Rxf8 Kxf8 31. Ke4 Ke8 32. g4 Nd8 33. h4 Ne6 34.
f5 Nd8 35. g5 f6 36. gxf6 gxf6 37. Rd2 Nf7 38. Kd5 Kd7 39. Rg2 Be5 40. Rg7 Ke7
41. Rg8 Nd6 42. Rh8 Nxf5 43. Rb8 Bxb8 0-1

[Event "ICS rated standard match"]
[Site "204.178.125.65"]
[Date "2000.02.24"]
[Round "?"]
[White "Gregory"]
[Black "Hossa"]
[Result "0-1"]
[WhiteElo "2211"]
[BlackElo "2270"]
[PlyCount "48"]

1. c4 c5 2. Nc3 Nf6 3. g3 d5 4. cxd5 Nxd5 5. Bg2 Nc7 6. Nf3 Nc6 7. Qa4 Bd7 8.
Qe4 f6 9. O-O e5 10. d3 Be7 11. Nd5 Nxd5 12. Qxd5 Nb4 13. Qb3 Bc6 14. a3 Bd5
15. Qa4+ Nc6 16. b4 cxb4 17. axb4 Bxb4 18. Rb1 a5 19. e4 Be6 20. d4 exd4 21.
Nxd4 Qxd4 22. Be3 Qc4 23. Rfc1 Qa2 24. Qb5 O-O 0-1

[Event "ICS Rated standard match"]
[Site "204.178.125.65"]
[Date "2000.02.24"]
[Round "?"]
[White "Hossa"]
[Black "nuts"]
[Result "1-0"]
[WhiteElo "2278"]
[BlackElo "2163"]
[PlyCount "41"]

1. d4 d5 2. Nf3 e6 3. c4 c6 4. e3 Bd6 5. Bd3 f5 6. O-O Nf6 7. cxd5 exd5 8. Nc3
O-O 9. Bd2 Ne4 10. Be1 Nd7 11. Rc1 Kh8 12. Qc2 Qf6 13. Qb3 Qh6 14. Qd1 g5 15.
g3 g4 16. Nh4 Ndf6 17. Qc2 Rg8 18. Ne2 Nh5 19. Ba5 Ng7 20. Qa4 Ne6 21. Nxf5 1-0

[Event "ICS rated blitz match"]
[Site "204.178.125.65"]
[Date "2000.02.24"]
[Round "?"]
[White "Hossa"]
[Black "brutus"]
[Result "1-0"]
[WhiteElo "2428"]
[BlackElo "2129"]
[PlyCount "85"]

1. d4 Nf6 2. c4 g6 3. Nf3 Bg7 4. g3 O-O 5. Nc3 d5 6. cxd5 Nxd5 7. Bg2 c6 8. e4
Nxc3 9. bxc3 Bg4 10. Rb1 b6 11. O-O Nd7 12. Qa4 Bxf3 13. Bxf3 Qc7 14. Bg5 Nf6
15. Bg2 e6 16. Bxf6 Bxf6 17. e5 Bg5 18. f4 Be7 19. a3 Rac8 20. Qa6 c5 21. d5
exd5 22. Bxd5 c4 23. Kh1 Rfd8 24. Rbd1 Qc5 25. Bb7 Rxd1 26. Rxd1 Rd8 27. Rxd8+
Bxd8 28. a4 g5 29. Ba8 gxf4 30. gxf4 Bh4 31. Qb7 Be1 32. Qd7 Bxc3 33. Bd5 Qf8
34. Qxa7 Bd4 35. Bxc4 Bc5 36. f5 h5 37. f6 h4 38. Qd7 Kh8 39. Bxf7 Qh6 40. Qd8+
Bf8 41. Qc8 Kh7 42. Be6 Bc5 43. Qg8# 1-0

[Event "ICS rated blitz match"]
[Site "204.178.125.65"]
[Date "2000.02.24"]
[Round "?"]
[White "brutus"]
[Black "Hossa"]
[Result "0-1"]
[WhiteElo "2124"]
[BlackElo "2433"]
[PlyCount "140"]

1. e4 g6 2. d4 Bg7 3. Nc3 d6 4. f4 a6 5. Nf3 b5 6. Bd3 Nd7 7. Ne2 c5 8. c3 Bb7
9. O-O cxd4 10. cxd4 Ngf6 11. Ng3 d5 12. e5 Ne4 13. Qe2 Nxg3 14. hxg3 e6 15. b3
O-O 16. Ba3 Re8 17. Kf2 Qa5 18. Bd6 Rec8 19. Rfc1 Rc3 20. b4 Qa3 21. Rxc3 Qxc3
22. Rb1 Nb6 23. Rb2 Nc4 24. Bxc4 bxc4 25. Qc2 Qxc2+ 26. Rxc2 h5 27. Nd2 Bc6 28.
Nb1 Bf8 29. Bxf8 Kxf8 30. Nc3 Rb8 31. Rb2 Ke7 32. a4 Kd7 33. Ke3 Kc7 34. Kd2
Kb6 35. Kc1 Bd7 36. Kb1 Bc8 37. Ka2 Rb7 38. Ka3 Bd7 39. Rb1 Be8 40. Rh1 Bc6 41.
Rh4 Rb8 42. Nd1 Bd7 43. Ne3 Rc8 44. Rh1 Kc6 45. g4 Rh8 46. gxh5 Rxh5 47. Rxh5
gxh5 48. Nf1 Kb6 49. Ng3 h4 50. Nh5 Bc8 51. Nf6 Kc6 52. Ne8 Bd7 53. Nd6 f5 54.
Nf7 Kc7 55. Nh8 Be8 56. b5 axb5 57. axb5 Kb7 58. Kb4 Kb6 59. Ka4 Bxb5+ 60. Kb4
Be8 61. Kc3 Kb5 62. Kc2 Kb4 63. Kb2 c3+ 64. Kc2 Kc4 65. Kc1 Kb3 66. Kb1 c2+ 67.
Kc1 Kc3 68. Ng6 Bxg6 69. g4 fxg4 70. f5 h3 0-1

[Event "ICS rated standard match"]
[Site "204.178.125.65"]
[Date "2000.02.24"]
[Round "?"]
[White "Fifth-Horseman"]
[Black "Hossa"]
[Result "1/2-1/2"]
[WhiteElo "1982"]
[BlackElo "2289"]
[PlyCount "40"]

1. e4 c6 2. d4 d5 3. Nc3 dxe4 4. Nxe4 Nd7 5. Nf3 Ngf6 6. Bd3 Nxe4 7. Bxe4 Nf6
8. Bd3 Bg4 9. Be3 Qb6 10. O-O Qxb2 11. Rb1 Qxa2 12. Rxb7 Nd5 13. Qd2 Bxf3 14.
gxf3 e6 15. Rfb1 a5 16. Rb8+ Rxb8 17. Rxb8+ Kd7 18. Rb7+ Ke8 19. Rb8+ Kd7 20.
Rb7+ Ke8 1/2-1/2

[Event "ICS rated blitz match"]
[Site "204.178.125.65"]
[Date "2000.02.24"]
[Round "?"]
[White "Hossa"]
[Black "Slivovitz"]
[Result "1-0"]
[WhiteElo "2438"]
[BlackElo "2109"]
[PlyCount "95"]

1. e4 e5 2. Nc3 d6 3. Nf3 c5 4. Be2 Nf6 5. O-O Be7 6. d3 O-O 7. Be3 Nc6 8. Bg5
Be6 9. Bxf6 Bxf6 10. Nd5 Bxd5 11. exd5 Ne7 12. c4 g6 13. Qd2 a5 14. Qd1 Bg7 15.
Qb3 Qd7 16. Rad1 h6 17. Nd2 f5 18. a4 Rab8 19. f4 exf4 20. Rxf4 g5 21. Rf3 Ng6
22. Kh1 b6 23. Rb1 Qe7 24. Bf1 h5 25. Rf2 Bd4 26. Re2 Qg7 27. Nf3 Bf6 28. Re6
g4 29. Ng1 Be5 30. Ne2 Rf7 31. Qb5 Rff8 32. Re1 Rfd8 33. Ng3 Bxg3 34. hxg3 Ne5
35. Be2 Qh7 36. Rf1 h4 37. Kh2 Ng6 38. Rh1 f4 39. Bxg4 fxg3+ 40. Kg1 Nf4 41.
Re4 Rf8 42. Be6+ Nxe6 43. Rexh4 Qg7 44. dxe6 Rf6 45. Qd7 Qxd7 46. Rh8+ Kg7 47.
exd7 Rxh8 48. Rxh8 1-0

[Event "ICS rated blitz match"]
[Site "204.178.125.65"]
[Date "2000.02.24"]
[Round "?"]
[White "Slivovitz"]
[Black "Hossa"]
[Result "0-1"]
[WhiteElo "2105"]
[BlackElo "2442"]
[PlyCount "46"]

1. e4 c5 2. Nc3 Nc6 3. g3 g6 4. Bg2 Bg7 5. d3 d6 6. h3 c4 7. Nge2 cxd3 8. cxd3
Nf6 9. d4 O-O 10. O-O Bd7 11. Be3 Qc8 12. g4 Qc7 13. f4 Na5 14. Ng3 Nc4 15. Bc1
Qb6 16. Rb1 Nxg4 17. hxg4 Bxd4+ 18. Kh1 Bxc3 19. bxc3 Qxb1 20. f5 Qxa2 21. Bh6
Rfe8 22. g5 Ne3 23. Qd4 Qxg2# 0-1

[Event "ICS rated blitz match"]
[Site "204.178.125.65"]
[Date "2000.02.24"]
[Round "?"]
[White "Hossa"]
[Black "Slivovitz"]
[Result "1-0"]
[WhiteElo "2446"]
[BlackElo "2101"]
[PlyCount "21"]

1. e4 e5 2. d4 exd4 3. Nf3 Nc6 4. Nxd4 Bc5 5. Be3 Qf6 6. c3 Nge7 7. Bc4 d6 8.
Nxc6 Bxe3 9. O-O Bb6 10. e5 dxe5 11. Qd8# 1-0

[Event "ICS rated blitz match"]
[Site "204.178.125.65"]
[Date "2000.02.24"]
[Round "?"]
[White "Slivovitz"]
[Black "Hossa"]
[Result "0-1"]
[WhiteElo "2097"]
[BlackElo "2450"]
[PlyCount "41"]

1. e4 c5 2. Nc3 Nc6 3. g3 d6 4. Bg2 g6 5. d3 Bg7 6. h3 c4 7. Nge2 cxd3 8. cxd3
Nf6 9. O-O O-O 10. d4 Bd7 11. b3 Qc8 12. g4 Qc7 13. Bb2 Rfc8 14. Rc1 Qa5 15. a3
Qg5 16. f4 Qa5 17. b4 Qb6 18. Kh1 Na5 19. Na4 Qa6 20. Nec3 Nc4 21. Rf2 0-1

[Event "ICS rated standard match"]
[Site "204.178.125.65"]
[Date "2000.02.24"]
[Round "?"]
[White "Hossa"]
[Black "KnightnShininA"]
[Result "0-1"]
[WhiteElo "2278"]
[BlackElo "1999"]
[PlyCount "193"]

1. Nf3 d5 2. g3 Nf6 3. Bg2 c6 4. b3 Bg4 5. Bb2 e6 6. O-O Nbd7 7. c4 Bd6 8. cxd5
cxd5 9. Nc3 Qb6 10. Rc1 O-O 11. d3 Rfc8 12. Qd2 e5 13. d4 e4 14. Ng5 Bb4 15.
Rc2 h6 16. Nh3 Qa5 17. Rfc1 Qa6 18. Bf1 Bf5 19. e3 Qd6 20. Nb5 Rxc2 21. Rxc2
Qe7 22. Qc1 a6 23. Nc7 Rd8 24. Nf4 Nb6 25. Ng2 Bg4 26. a3 Bd6 27. Nh4 g5 28. h3
Bd7 29. Ng2 Bxh3 30. a4 Bb4 31. Bc3 Rc8 32. Bxb4 Qxb4 33. Ne1 Bg4 34. Rc3 Kg7
35. Ng2 Rd8 36. Ne1 Rd7 37. Qa1 Qe7 38. Qc1 Rd8 39. Rc5 Qd6 40. Qb2 Rc8 41. Qc1
Rh8 42. Qc2 h5 43. Ng2 h4 44. gxh4 Nbd7 45. Ra5 Bf3 46. Qc3 Ng4 47. Nf4 gxf4
48. Bh3 Qg6 49. Ne8+ Kg8 50. Rxd5 Nxf2+ 51. Kf1 Nxh3 52. Rg5 Nxg5 53. exf4 Nh3
54. Nf6+ Nxf6 55. Qc8+ Kg7 56. Qxh3 Rc8 57. Kf2 Rc2+ 58. Ke1 Rc1+ 59. Kd2 Rd1+
60. Kc3 Rd3+ 61. Kb2 Rxd4 62. Qc8 Qg2+ 63. Ka3 Bg4 64. Qc5 Rd3 65. Qg5+ Kf8 66.
Qxf6 e3 67. Qh6+ Kg8 68. Qg5+ Kf8 69. Qh6+ Ke7 70. Qb6 e2 71. Qc7+ Bd7 72. Qc5+
Rd6 73. Qe5+ Re6 74. Qc5+ Kf6 75. Qc3+ Ke7 76. Qc5+ Ke8 77. Qc2 Qf2 78. f5 e1=Q
79. Qxf2 Qxf2 80. fxe6 Bxe6 81. a5 Qh2 82. Kb4 Qxh4+ 83. Kc3 Qe4 84. Kd2 f5 85.
b4 f4 86. b5 axb5 87. Kc3 f3 88. a6 bxa6 89. Kd2 Qe2+ 90. Kc3 f2 91. Kb4 f1=Q
92. Ka5 Qa2+ 93. Kb6 Bh3 94. Kb7 Qf6 95. Ka8 Qd5+ 96. Ka7 Qdf7+ 97. Kb8 0-1

[Event "ICS rated blitz match"]
[Site "204.178.125.65"]
[Date "2000.02.24"]
[Round "?"]
[White "Hossa"]
[Black "Slivovitz"]
[Result "0-1"]
[WhiteElo "2454"]
[BlackElo "2070"]
[PlyCount "166"]

1. d4 d5 2. c4 dxc4 3. Nf3 c6 4. e4 b5 5. Be3 Bb7 6. Be2 a6 7. O-O e6 8. b3
cxb3 9. axb3 Nf6 10. Bg5 Be7 11. Nbd2 Nbd7 12. Qc2 h6 13. Be3 O-O 14. Rfc1 Rc8
15. Qa2 c5 16. Bd3 cxd4 17. Rxc8 Qxc8 18. Bxd4 Qb8 19. e5 Nd5 20. Be4 Bc5 21.
Bh7+ Kxh7 22. Bxc5 Nxc5 23. Qc2+ Kg8 24. Qxc5 Rc8 25. Qd4 Qc7 26. Rd1 Qc3 27.
Qa7 Qc2 28. Rf1 Qc7 29. Qd4 Qb6 30. Qh4 Qd8 31. Qe4 Qe7 32. Qd4 Qc5 33. Qh4 Nc3
34. Re1 a5 35. Qh5 a4 36. bxa4 bxa4 37. g3 a3 38. Qg4 a2 39. Ra1 Ra8 40. Kg2
Qd5 41. Qb4 Ne4 42. Nxe4 Qxe4 43. Qb3 Qxf3+ 44. Qxf3 Bxf3+ 45. Kxf3 Kh7 46. Ke4
Kg6 47. g4 Kg5 48. h3 Kh4 49. Kf3 Ra3+ 50. Kg2 h5 51. f3 Kg5 52. gxh5 Kf4 53.
h4 Kxe5 54. Kf2 Kf4 55. Ke2 Kg3 56. Kd1 Kxh4 57. Ke1 Kxh5 58. Kf2 Kh4 59. Kg2
Kg5 60. Kg3 Kf5 61. Kg2 Kf4 62. Kf2 Rxf3+ 63. Ke2 Ra3 64. Kd2 g5 65. Kc2 f5 66.
Kb2 Ra8 67. Rf1+ Ke5 68. Ra1 f4 69. Re1+ Kf5 70. Ka1 e5 71. Rd1 g4 72. Rd7 g3
73. Rc7 f3 74. Rf7+ Ke4 75. Rc7 g2 76. Rc1 f2 77. Rc4+ Kd5 78. Rc1 f1=Q 79. Kb2
a1=Q+ 80. Rxa1 Qxa1+ 81. Kb3 Rb8+ 82. Kc2 Rb2+ 83. Kd3 Qa3# 0-1

[Event "ICS rated blitz match"]
[Site "204.178.125.65"]
[Date "2000.02.24"]
[Round "?"]
[White "warps"]
[Black "Hossa"]
[Result "1-0"]
[WhiteElo "2344"]
[BlackElo "2425"]
[PlyCount "77"]

1. e4 d6 2. d4 Nf6 3. Nc3 g6 4. f4 Bg7 5. Nf3 O-O 6. Bd3 Nc6 7. e5 dxe5 8. fxe5
Nh5 9. Be3 Bg4 10. Be2 f6 11. exf6 exf6 12. Qd2 f5 13. O-O-O f4 14. Bf2 Qd7 15.
d5 Nb4 16. Bd4 Rfe8 17. Bxg7 Qxg7 18. Bc4 Qf7 19. Rde1 Rxe1+ 20. Rxe1 Bxf3 21.
Re7 Qf6 22. gxf3 Qg5 23. Rxc7 b5 24. Bb3 Na6 25. Qd4 Qf6 26. Qxf6 Nxf6 27. Rc6
Nd7 28. Rxa6 b4 29. d6+ Kh8 30. Nd5 Nc5 31. Rc6 Nb7 32. Rc7 Rf8 33. Rxb7 a5 34.
Re7 a4 35. d7 a3 36. Nf6 axb2+ 37. Kxb2 Rf7 38. Rxf7 h6 39. d8=Q# 1-0

[Event "ICS rated blitz match"]
[Site "204.178.125.65"]
[Date "2000.02.24"]
[Round "?"]
[White "star"]
[Black "Hossa"]
[Result "1-0"]
[WhiteElo "2622"]
[BlackElo "2411"]
[PlyCount "175"]

1. g3 d5 2. Bg2 c6 3. d3 Nf6 4. Nf3 e6 5. Bf4 Be7 6. O-O O-O 7. c4 c5 8. Nc3
Nh5 9. Bxb8 Rxb8 10. e4 d4 11. Nb5 a6 12. Na3 Nf6 13. e5 Nd7 14. Qe2 Qc7 15.
Rfe1 b6 16. Nd2 Rd8 17. f4 Nf8 18. h4 Qd7 19. h5 h6 20. Ne4 Nh7 21. Nb1 Re8 22.
Nbd2 Bb7 23. Nf2 Bxg2 24. Kxg2 Rbd8 25. Qf3 Nf8 26. Rac1 Qa4 27. a3 Rb8 28. Kg1
Nh7 29. Kh2 Red8 30. Qg2 Rd7 31. Kg1 Bd8 32. Qe4 Nf8 33. Qe2 Be7 34. b3 Qa5 35.
Ra1 Rdd8 36. Reb1 b5 37. b4 Qc7 38. bxc5 Bxc5 39. cxb5 Rxb5 40. Rxb5 axb5 41.
Nb3 Bb6 42. Ne4 Qb7 43. a4 bxa4 44. Rxa4 Qd5 45. Qb2 Nd7 46. Rb4 Rb8 47. Nbd2
Ba7 48. Rxb8+ Nxb8 49. Qb4 Qd7 50. Nc4 Nc6 51. Qb5 Qc8 52. Kf2 Nb8 53. g4 Nc6
54. f5 exf5 55. Ned6 Qd7 56. gxf5 Qc7 57. e6 fxe6 58. fxe6 Bb8 59. Ke2 Ba7 60.
Kd1 Bb8 61. e7 Nxe7 62. Qe8+ Kh7 63. Nf7 Qc8 64. Qxe7 Qg4+ 65. Qe2 Qg1+ 66. Kc2
g6 67. Qe7 Qf2+ 68. Kb3 gxh5 69. Nfe5+ Kg8 70. Qe8+ Kg7 71. Qg6+ Kf8 72. Qh7
Bxe5 73. Nxe5 Ke8 74. Qd7+ Kf8 75. Ng6+ Kg8 76. Qe8+ Kg7 77. Qh8+ Kxg6 78. Qg8+
Kf5 79. Qf7+ Kg5 80. Qxf2 h4 81. Kc4 h3 82. Kd5 Kh5 83. Qf5+ Kh4 84. Qf4+ Kh5
85. Ke6 Kg6 86. Qg3+ Kh7 87. Kf7 h5 88. Qg7# 1-0

[Event "ICS rated standard match"]
[Site "204.178.125.65"]
[Date "2000.02.24"]
[Round "?"]
[White "manuelconj"]
[Black "Hossa"]
[Result "0-1"]
[WhiteElo "1865"]
[BlackElo "2251"]
[PlyCount "36"]

1. e4 e5 2. Nf3 Nf6 3. Nc3 Nc6 4. Bb5 Bb4 5. d3 Nd4 6. O-O Bxc3 7. Nxd4 Bxd4 8.
c3 Bb6 9. Bg5 O-O 10. Kh1 c6 11. Ba4 d5 12. f4 Be3 13. Qf3 Bxf4 14. Bxf4 Bg4
15. Qg3 exf4 16. Rxf4 Be6 17. Raf1 Nh5 18. Qg5 Qxg5 0-1

[Event "ICS rated standard match"]
[Site "204.178.125.65"]
[Date "2000.02.24"]
[Round "?"]
[White "Hossa"]
[Black "manuelconj"]
[Result "1-0"]
[WhiteElo "2254"]
[BlackElo "1862"]
[PlyCount "64"]

1. e4 d6 2. d4 Nf6 3. Bd3 g6 4. e5 dxe5 5. dxe5 Ng4 6. f4 Bg7 7. Bb5+ c6 8.
Qxd8+ Kxd8 9. Bc4 e6 10. Nf3 b5 11. Be2 Bb7 12. Bd2 Bf8 13. h3 Nh6 14. Ba5+ Kc8
15. Nbd2 Bc5 16. Ne4 Nd7 17. Nxc5 Nxc5 18. Ng5 Nd7 19. O-O-O a6 20. Ne4 Nf5 21.
Bg4 c5 22. Bxf5 Bd5 23. Nd6+ Kb8 24. Rxd5 exd5 25. Bxd7 Ra7 26. Nxf7 Rxd7 27.
Nxh8 b4 28. Re1 Kb7 29. e6 Re7 30. Nf7 Kc6 31. Bd8 Re8 32. e7 Kd7 1-0

[Event "ICS rated standard match"]
[Site "204.178.125.65"]
[Date "2000.02.24"]
[Round "?"]
[White "manuelconj"]
[Black "Hossa"]
[Result "1-0"]
[WhiteElo "1859"]
[BlackElo "2257"]
[PlyCount "169"]

1. e4 d5 2. exd5 e6 3. dxe6 Bxe6 4. Nf3 Nf6 5. Bb5+ c6 6. Ba4 b5 7. Bb3 Bxb3 8.
axb3 Qe7+ 9. Qe2 Qxe2+ 10. Kxe2 Be7 11. d3 O-O 12. Be3 Re8 13. Nc3 Bb4 14. Ra2
a5 15. Rha1 Nbd7 16. Nd1 Rad8 17. Kf1 Ng4 18. h3 Nxe3+ 19. Nxe3 Nb6 20. c3 Bf8
21. d4 a4 22. bxa4 bxa4 23. Ne5 Re6 24. N3c4 f6 25. Nxb6 fxe5 26. dxe5 Rxe5 27.
Rxa4 Bc5 28. Nc4 Rf5 29. f3 Re8 30. Ra8 Ref8 31. R1a6 Rxa8 32. Rxa8+ Bf8 33.
Rc8 c5 34. Nd6 Rd5 35. Ne4 Kf7 36. c4 Rf5 37. Ke2 Re5 38. Ke3 h6 39. f4 Re8 40.
Rc7+ Re7 41. Rxe7+ Bxe7 42. b3 h5 43. Nc3 Ke6 44. Ke4 Bh4 45. Na4 Be7 46. f5+
Kd6 47. Nb6 Bh4 48. Nd5 Bg3 49. Nf4 h4 50. Ng6 Kc6 51. Kf3 Be1 52. Kg4 Kd6 53.
Nxh4 Bc3 54. Nf3 Ke7 55. Kh5 Kf6 56. g4 Bb4 57. Kh4 Bc3 58. Kg3 Ba5 59. Kf4 Ke7
60. Ke5 Bb4 61. Kd5 Kf6 62. Ne5 Kg5 63. Nd3 Bc3 64. Nxc5 Kh4 65. Ne4 Bb4 66. c5
Ba5 67. c6 Bc7 68. f6 gxf6 69. Nxf6 Bd8 70. Ne8 Kg5 71. c7 Bxc7 72. Nxc7 Kf6
73. b4 Kg5 74. b5 Kh4 75. b6 Kg3 76. b7 Kf4 77. b8=Q Ke3 78. Qb4 Ke2 79. Ke4
Kf2 80. Qc3 Kg2 81. Kf4 Kf2 82. Qe3+ Kf1 83. Qd2 Kg1 84. Kg3 Kf1 85. Qf2# 1-0

[Event "ICS rated standard match"]
[Site "204.178.125.65"]
[Date "2000.02.24"]
[Round "?"]
[White "Hossa"]
[Black "manuelconj"]
[Result "1-0"]
[WhiteElo "2228"]
[BlackElo "1888"]
[PlyCount "57"]

1. d4 Nf6 2. Nf3 g6 3. c4 Bg7 4. Nc3 d6 5. e4 O-O 6. Bg5 Bg4 7. h3 Bxf3 8. gxf3
Nbd7 9. h4 h5 10. Bh3 c6 11. Rg1 Qa5 12. Bxd7 Nxd7 13. Bxe7 Rfe8 14. Bxd6 Nb6
15. c5 Nc4 16. Qb3 Nxd6 17. cxd6 Bxd4 18. Rxg6+ Kf8 19. Rg5 Bxc3+ 20. Qxc3
Qxc3+ 21. bxc3 Rad8 22. O-O-O Re6 23. e5 f6 24. Rxh5 Kf7 25. f4 fxe5 26. fxe5
Rg8 27. f4 Ke8 28. Rh7 Rg4 29. d7+ 1-0

[Event "ICS rated standard match"]
[Site "204.178.125.65"]
[Date "2000.02.24"]
[Round "?"]
[White "manuelconj"]
[Black "Hossa"]
[Result "1-0"]
[WhiteElo "1884"]
[BlackElo "2232"]
[PlyCount "47"]

1. e4 d6 2. d4 Nf6 3. Nc3 g6 4. f3 Bg7 5. Be3 O-O 6. h4 Nh5 7. Nge2 f5 8. Qd2
fxe4 9. Nxe4 d5 10. Ng5 c5 11. O-O-O cxd4 12. Bxd4 Bxd4 13. Nxd4 Ng3 14. Nde6
Bxe6 15. Nxe6 Qd6 16. Nxf8 Nxh1 17. Qh6 Nf2 18. Rd2 Qe5 19. Re2 Qf6 20. Nxh7
Qg7 21. Qxg7+ Kxg7 22. Rxe7+ Kg8 23. Nf6+ Kf8 24. Rxb7 1-0

[Event "ICS rated blitz match"]
[Site "204.178.125.65"]
[Date "2000.02.24"]
[Round "?"]
[White "Hossa"]
[Black "PostModernist"]
[Result "1-0"]
[WhiteElo "2404"]
[BlackElo "2506"]
[PlyCount "183"]

1. d4 d5 2. Nf3 Nf6 3. c4 e6 4. Nc3 Be7 5. cxd5 exd5 6. e3 c6 7. Be2 O-O 8. O-O
Bf5 9. Nh4 Be6 10. Bd3 Re8 11. Nf5 Bd6 12. Nxd6 Qxd6 13. Be2 Bf5 14. Bd2 Nbd7
15. Rc1 b5 16. Be1 b4 17. Na4 a5 18. Qb3 Ng4 19. Bxg4 Bxg4 20. Qc2 Bh5 21. Bd2
Bg6 22. Qb3 Bf5 23. Nc5 Nxc5 24. Rxc5 Qg6 25. f3 Bh3 26. Rf2 Bd7 27. Rc1 Kh8
28. Re2 Bf5 29. Qa4 Ra6 30. Rc5 Bd3 31. Re1 Bb5 32. Qc2 Qg5 33. e4 Qh4 34. a4
bxa3 35. bxa3 a4 36. Qc3 dxe4 37. fxe4 Rb6 38. Rf5 f6 39. Qf3 g6 40. Rxf6 Rbb8
41. g3 Qh5 42. Qf2 Kg8 43. Bf4 Rbd8 44. Qa2+ Rd5 45. Be5 Rexe5 46. dxe5 Qxe5
47. Rf3 Kg7 48. Qf2 Rd7 49. Qe3 c5 50. Qf4 Qxf4 51. gxf4 c4 52. f5 Rd2 53. f6+
Kf7 54. e5 Bd7 55. e6+ Bxe6 56. Rxe6 Kxe6 57. f7 Rd1+ 58. Kf2 Rd2+ 59. Kg3 Rd8
60. f8=Q Rxf8 61. Rxf8 Kd5 62. Ra8 c3 63. Kf4 Kc5 64. Ke3 Kc4 65. Rb8 c2 66.
Kd2 c1=Q+ 67. Kxc1 Kd4 68. Rb4+ Kc5 69. Rxa4 Kb5 70. Rh4 h5 71. Rxh5+ gxh5 72.
Kd2 Ka4 73. Ke3 Kxa3 74. Kf4 Kb4 75. Kg5 h4 76. Kxh4 Kc5 77. Kh5 Kd6 78. Kg6
Ke7 79. Kg7 Ke6 80. h4 Ke5 81. h5 Ke6 82. h6 Ke5 83. h7 Kd4 84. h8=Q Ke3 85.
Qd8 Ke2 86. Qd4 Kf3 87. Qd2 Ke4 88. Kf6 Kf3 89. Kf5 Kg3 90. Qe2 Kh3 91. Kf4 Kh4
92. Qh2# 1-0

[Event "ICS rated blitz match"]
[Site "204.178.125.65"]
[Date "2000.02.24"]
[Round "?"]
[White "Beadle"]
[Black "Hossa"]
[Result "1-0"]
[WhiteElo "2565"]
[BlackElo "2425"]
[PlyCount "167"]

1. d4 Nf6 2. c4 d6 3. Nc3 e5 4. Nf3 e4 5. Ng5 Bf5 6. Qa4+ c6 7. Qc2 Qa5 8. Qb3
Qb6 9. Qxb6 axb6 10. g4 Bxg4 11. Ngxe4 Nxe4 12. Nxe4 Be6 13. e3 b5 14. cxb5
Rxa2 15. Rxa2 Bxa2 16. bxc6 bxc6 17. Rg1 Bb3 18. Bd3 Nd7 19. Rg5 Bd5 20. Nc3 h6
21. Rh5 g6 22. Rxd5 cxd5 23. Nxd5 Bg7 24. b4 Nf6 25. Nc3 Kd7 26. b5 Rc8 27. Bd2
Ra8 28. Bc4 Ke7 29. Ke2 Ra1 30. b6 Nd7 31. b7 Nb8 32. Nd5+ Kd8 33. Nf4 Ke8 34.
Bb4 Ra7 35. Bd5 Ra6 36. Kf3 Bf8 37. Nd3 Ra1 38. h3 Rh1 39. Kg3 Rd1 40. Nf4 Rb1
41. Ba3 Rg1+ 42. Kf3 Be7 43. Bb4 g5 44. Nd3 Rh1 45. Ba5 Rb1 46. Bc7 Na6 47.
Bc6+ Kf8 48. Ba5 f5 49. Bd5 h5 50. Bb4 Kg7 51. Be6 g4+ 52. hxg4 fxg4+ 53. Ke2
Nb8 54. e4 Bf8 55. Ba2 Ra1 56. Bd5 h4 57. Bc3 Rg1 58. e5 Rb1 59. Nf4 dxe5 60.
dxe5 Bb4 61. Bd4 Kh6 62. Nd3 Ba5 63. e6 Bd8 64. Bc5 h3 65. e7 Bxe7 66. Bxe7 Nd7
67. Bd6 Rb6 68. Ne5 Rxd6 69. Nxd7 Rxd7 70. b8=Q Rxd5 71. Qf8+ Kg5 72. Qg8+ Kf6
73. Qxd5 h2 74. Ke3 Kg6 75. Qd6+ Kf5 76. Qxh2 Kf6 77. Qf4+ Ke6 78. Qxg4+ Kd5
79. Qd7+ Ke5 80. f4+ Kf6 81. Ke4 Kg6 82. Qe7 Kh6 83. Kf5 Kh5 84. Qg5# 1-0